000 00587nam a2200241Ia 4500
003 OSt
005 20220928144525.0
006 a|||||r|||| 00| 0
007 ta
008 220927b |||||||| |||| 00| 0 eng d
024 _a71362
037 _cTextual
040 _aSDCL
_cSDCL
_beng
041 _2eng
_aeng
082 _aL:5238-424, P0
100 _aAdams M R
_9508029
245 0 _aFood microbiology.
250 _a2
260 _c2000
700 _a Moss M O
_9508030
942 _hL:5238-424, P0
_cTEXL
_2CC
999 _c827542
_d827542